Casarett and Doull's toxicology : (Record no. 330349)
[ view plain ]
| 000 -LEADER | |
|---|---|
| fixed length control field | 01105pam a2200349 a 4500 |
| 001 - CONTROL NUMBER | |
| control field | 4296180 |
| 003 - CONTROL NUMBER IDENTIFIER | |
| control field | NUST |
| 005 - DATE AND TIME OF LATEST TRANSACTION | |
| control field | 20170621123108.0 |
| 008 - FIXED-LENGTH DATA ELEMENTS--GENERAL INFORMATION | |
| fixed length control field | 860421s1986 nyua b 001 0 eng c |
| 010 ## - LIBRARY OF CONGRESS CONTROL NUMBER | |
| LC control number | 86008683 |
| 020 ## - INTERNATIONAL STANDARD BOOK NUMBER | |
| International Standard Book Number | 0023646500 |
| 040 ## - CATALOGING SOURCE | |
| Original cataloging agency | DNLM/DLC |
| Transcribing agency | DLC |
| Modifying agency | DLC |
| 050 00 - LIBRARY OF CONGRESS CALL NUMBER | |
| Classification number | RA1211 |
| Item number | .C296 1986 |
| 060 ## - NATIONAL LIBRARY OF MEDICINE CALL NUMBER | |
| Classification number | QV 600 T757 |
| 082 00 - DEWEY DECIMAL CLASSIFICATION NUMBER | |
| Classification number | 615.9 TOX |
| Edition number | 19 |
| 100 1# - MAIN ENTRY--PERSONAL NAME | |
| Personal name | Casarett, Louis J. |
| 9 (RLIN) | 2931 |
| 240 10 - UNIFORM TITLE | |
| Uniform title | Toxicology |
| 245 10 - TITLE STATEMENT | |
| Title | Casarett and Doull's toxicology : |
| Remainder of title | the basic science of poisons / |
| Statement of responsibility, etc. | edited by Curtis D. Klaassen, Mary O. Amdur, John Doull. |
| 250 ## - EDITION STATEMENT | |
| Edition statement | 3rd ed. |
| 260 ## - PUBLICATION, DISTRIBUTION, ETC. | |
| Place of publication, distribution, etc. | New York : |
| Name of publisher, distributor, etc. | Macmillan, |
| Date of publication, distribution, etc. | c1986. |
| 300 ## - PHYSICAL DESCRIPTION | |
| Extent | xiii, 974 p. : |
| Other physical details | ill. ; |
| Dimensions | 26 cm. |
| 500 ## - GENERAL NOTE | |
| General note | Includes bibliographies and index. |
| 501 ## - WITH NOTE | |
| With note | H.B |
| 650 #0 - SUBJECT ADDED ENTRY--TOPICAL TERM | |
| Topical term or geographic name entry element | Toxicology. |
| 9 (RLIN) | 2912 |
| 650 #0 - SUBJECT ADDED ENTRY--TOPICAL TERM | |
| Topical term or geographic name entry element | Poisons. |
| 9 (RLIN) | 2930 |
| 650 #2 - SUBJECT ADDED ENTRY--TOPICAL TERM | |
| Topical term or geographic name entry element | Poisoning. |
| 9 (RLIN) | 2929 |
| 650 #2 - SUBJECT ADDED ENTRY--TOPICAL TERM | |
| Topical term or geographic name entry element | Poisons. |
| 9 (RLIN) | 2930 |
| 700 1# - ADDED ENTRY--PERSONAL NAME | |
| Personal name | Doull, John, |
| Dates associated with a name | 1922- |
| 9 (RLIN) | 2932 |
| 700 1# - ADDED ENTRY--PERSONAL NAME | |
| Personal name | Klaassen, Curtis D. |
| 9 (RLIN) | 2933 |
| 700 1# - ADDED ENTRY--PERSONAL NAME | |
| Personal name | Amdur, Mary O. |
| 9 (RLIN) | 3047 |
| 906 ## - LOCAL DATA ELEMENT F, LDF (RLIN) | |
| a | 7 |
| b | cbc |
| c | orignew |
| d | 1 |
| e | ocip |
| f | 19 |
| g | y-gencatlg |
| 942 ## - ADDED ENTRY ELEMENTS (KOHA) | |
| Source of classification or shelving scheme | |
| Koha item type | Book |
| Call number prefix | IESE |
| Withdrawn status | Lost status | Source of classification or shelving scheme | Damaged status | Not for loan | Collection code | Permanent Location | Current Location | Shelving location | Date acquired | Total Checkouts | Full call number | Barcode | Date last seen | Price effective from | Koha item type |
|---|---|---|---|---|---|---|---|---|---|---|---|---|---|---|---|
| Institute of Environmental Science and Engineering (IESE) | Institute of Environmental Science and Engineering (IESE) | General Stacks | 06/21/2017 | 615.9 TOX | IESE-412 | 06/21/2017 | 06/21/2017 | Book |
